000 00691cab a2200229 4500
001 X3431
008 090401t1996 xxu||||| |||| 00| 0 eng d
035 _a(Sirsi) u30466
041 _aeng
100 _aPottinger, G.
245 _aWhat am I bid?
260 _c1996
350 _a0
490 _aCSM (Chartered Surveyor Monthly)
_v5(7) April 1996, 32(1)
520 _aPresents the findings of research carried out in 1995 into the public-sector tendering of property consultancy services.
650 _aCOMPULSORY COMPETITIVE TENDERING
650 _aPROPERTY CONSULTANCY
650 _aTENDERING
690 _aCOMMERCIAL PROPERTY-MANAGEMENT
942 _n0
948 _c04/03/1997
999 _c20537
_d20537